Von der politischen Rede des Dichters
Gespeichert in:
| 1. Verfasser: | |
|---|---|
| Dokumenttyp: | Kapitel/Artikel |
| Sprache: | Deutsch |
| Veröffentlicht: |
1999
|
| In: |
Die Walser-Bubis-Debatte
Year: 1999, Pages: 608-616 |
| Online-Zugang: |
|
| Verfasserangaben: | Dieter Borchmeyer |
MARC
| LEADER | 00000caa a22000002c 4500 | ||
|---|---|---|---|
| 001 | 1523038713 | ||
| 003 | DE-627 | ||
| 005 | 20220812120155.0 | ||
| 007 | tu | ||
| 008 | 151208s1999 xx ||||| 00| ||ger c | ||
| 035 | |a (DE-627)1523038713 | ||
| 035 | |a (DE-576)453038719 | ||
| 035 | |a (DE-599)BSZ453038719 | ||
| 035 | |a (OCoLC)1340835133 | ||
| 040 | |a DE-627 |b ger |c DE-627 |e rda | ||
| 041 | |a ger | ||
| 084 | |a 53 |2 sdnb | ||
| 100 | 1 | |a Borchmeyer, Dieter |d 1941- |e VerfasserIn |0 (DE-588)120479907 |0 (DE-627)080701450 |0 (DE-576)160370434 |4 aut | |
| 245 | 1 | 0 | |a Von der politischen Rede des Dichters |c Dieter Borchmeyer |
| 264 | 1 | |c 1999 | |
| 300 | |a 9 | ||
| 336 | |a Text |b txt |2 rdacontent | ||
| 337 | |a ohne Hilfsmittel zu benutzen |b n |2 rdamedia | ||
| 338 | |a Band |b nc |2 rdacarrier | ||
| 773 | 0 | 8 | |i Enthalten in |t Die Walser-Bubis-Debatte |b 1. Aufl. |d Frankfurt am Main : Suhrkamp, 1999 |g (1999), Seite 608-616 |h 682 S. |w (DE-627)302407626 |w (DE-576)078651840 |z 3518410733 |7 nnam |a Von der politischen Rede des Dichters |
| 773 | 1 | 8 | |g year:1999 |g pages:608-616 |g extent:9 |a Von der politischen Rede des Dichters |
| 951 | |a AR | ||
| 992 | |a 20151208 | ||
| 993 | |a BookComponentPart | ||
| 994 | |a 1999 | ||
| 998 | |g 120479907 |a Borchmeyer, Dieter |m 120479907:Borchmeyer, Dieter |d 90000 |d 90100 |e 90000PB120479907 |e 90100PB120479907 |k 0/90000/ |k 1/90000/90100/ |p 1 |x j |y j | ||
| 999 | |a KXP-PPN1523038713 |e 2875531034 | ||
| BIB | |a Y | ||
| JSO | |a {"origin":[{"dateIssuedKey":"1999","dateIssuedDisp":"1999"}],"recId":"1523038713","relHost":[{"language":["ger"],"name":{"displayForm":["hrsg. von Frank Schirrmacher"]},"recId":"302407626","origin":[{"edition":"1. Aufl.","dateIssuedKey":"1999","publisherPlace":"Frankfurt am Main","dateIssuedDisp":"1999","publisher":"Suhrkamp","editionNo":"1"}],"disp":"Von der politischen Rede des DichtersDie Walser-Bubis-Debatte","physDesc":[{"noteFormat":"21 cm","extent":"682 S."}],"type":{"bibl":"edited-book"},"part":{"year":"1999","text":"(1999), Seite 608-616","extent":"9","pages":"608-616"},"title":[{"title_sort":"Walser-Bubis-Debatte","subtitle":"eine Dokumentation","title":"Die Walser-Bubis-Debatte"}],"person":[{"role":"edt","display":"Schirrmacher, Frank","family":"Schirrmacher","given":"Frank"}],"id":{"isbn":["3518410733"],"eki":["302407626"]}}],"name":{"displayForm":["Dieter Borchmeyer"]},"language":["ger"],"id":{"eki":["1523038713"]},"person":[{"role":"aut","family":"Borchmeyer","given":"Dieter","display":"Borchmeyer, Dieter"}],"title":[{"title":"Von der politischen Rede des Dichters","title_sort":"Von der politischen Rede des Dichters"}],"physDesc":[{"extent":"9 S."}],"type":{"bibl":"chapter"}} | ||
| SRT | |a BORCHMEYERVONDERPOLI1999 | ||